Organisational behaviour :a global perspective / (Record no. 3432)
| 000 -LEADER | |
|---|---|
| fixed length control field | 01021cam a22003375a 4500 |
| 001 - CONTROL NUMBER | |
| control field | 15107581 |
| 003 - CONTROL NUMBER IDENTIFIER | |
| control field | OSt |
| 005 - DATE AND TIME OF LATEST TRANSACTION | |
| control field | 20161006150529.0 |
| 008 - FIXED-LENGTH DATA ELEMENTS--GENERAL INFORMATION | |
| fixed length control field | 071210s2007 sa a b 001 0 eng |
| 010 ## - LIBRARY OF CONGRESS CONTROL NUMBER | |
| LC control number | 2007492155 |
| 020 ## - INTERNATIONAL STANDARD BOOK NUMBER | |
| International Standard Book Number | 9780471342663 |
| 040 ## - CATALOGING SOURCE | |
| Original cataloging agency | DLC |
| Transcribing agency | DLC |
| 043 ## - GEOGRAPHIC AREA CODE | |
| Geographic area code | f-sa--- |
| 050 00 - LIBRARY OF CONGRESS CALL NUMBER | |
| Classification number | HD58.7.W66 2001 |
| 100 ## - MAIN ENTRY--PERSONAL NAME | |
| Personal name | Wood,Jack |
| 245 00 - TITLE STATEMENT | |
| Title | Organisational behaviour :a global perspective / |
| Statement of responsibility, etc | Jack Wood...[et al] |
| 250 ## - EDITION STATEMENT | |
| Edition statement | 2nd ed |
| 260 ## - PUBLICATION, DISTRIBUTION, ETC. (IMPRINT) | |
| Place of publication, distribution, etc | Australia : |
| Name of publisher, distributor, etc | John Wiley and sons Ltd, |
| Date of publication, distribution, etc | 2001. |
| 300 ## - PHYSICAL DESCRIPTION | |
| Extent | xxiv, 751 p. : |
| Other physical details | ill. ; |
| Dimensions | 25 cm. |
| 504 ## - BIBLIOGRAPHY, ETC. NOTE | |
| Bibliography, etc | Includes bibliographical references and index. |
| 650 #0 - SUBJECT ADDED ENTRY--TOPICAL TERM | |
| Topical term or geographic name as entry element | Organizational behavior |
| Geographic subdivision | South Africa. |
| 650 #0 - SUBJECT ADDED ENTRY--TOPICAL TERM | |
| Topical term or geographic name as entry element | Organizational behavior |
| General subdivision | Study and teaching. |
| 700 ## - ADDED ENTRY--PERSONAL NAME | |
| Personal name | Wallance,Joseph |
| 700 ## - ADDED ENTRY--PERSONAL NAME | |
| Personal name | Zeffane,Rachid |
| 700 ## - ADDED ENTRY--PERSONAL NAME | |
| Personal name | Schermerhorn |
| 700 ## - ADDED ENTRY--PERSONAL NAME | |
| Personal name | Hunt |
| 700 ## - ADDED ENTRY--PERSONAL NAME | |
| Personal name | Osborn |
| 906 ## - LOCAL DATA ELEMENT F, LDF (RLIN) | |
| a | 0 |
| b | ibc |
| c | origres |
| d | 3 |
| e | ncip |
| f | 20 |
| g | y-gencatlg |
| 942 ## - ADDED ENTRY ELEMENTS (KOHA) | |
| Source of classification or shelving scheme | |
| Koha item type | Book |
| Withdrawn status | Lost status | Source of classification or shelving scheme | Damaged status | Not for loan | Home library | Current library | Shelving location | Date acquired | Total Checkouts | Full call number | Barcode | Date last seen | Copy number | Price effective from | Koha item type |
|---|---|---|---|---|---|---|---|---|---|---|---|---|---|---|---|
| Riara University Library | Riara University Library | General stack | 06/10/2016 | HD58.7.W66 2001 | 7215/16 | 06/10/2016 | C.1 | 06/10/2016 | Book | ||||||
| Riara University Library | Riara University Library | General stack | 07/10/2016 | HD58.7.W66 2001 | 7213/16 | 07/10/2016 | C.2 | 07/10/2016 | Book | ||||||
| Riara University Library | Riara University Library | General stack | 07/10/2016 | HD58.7.W66 2001 | 7228/16 | 07/10/2016 | C.3 | 07/10/2016 | Book |
